Avanza construcción de ciudadanía 1 / (Registro nro. 1041)
[ vista simple ]
| 000 -LEADER | |
|---|---|
| fixed length control field | 01537nam a2200289 a 4500 |
| 003 - CONTROL NUMBER IDENTIFIER | |
| control field | AR-BaBN |
| 005 - DATE AND TIME OF LATEST TRANSACTION | |
| control field | 20260605153049.0 |
| 007 - PHYSICAL DESCRIPTION FIXED FIELD--GENERAL INFORMATION | |
| fixed length control field | ta |
| 008 - FIXED-LENGTH DATA ELEMENTS--GENERAL INFORMATION | |
| fixed length control field | 180531s2018 ag ado |r 00| 0 spa d |
| 020 ## - INTERNATIONAL STANDARD BOOK NUMBER | |
| International Standard Book Number | 978-950-13-1282-9 |
| 040 ## - CATALOGING SOURCE | |
| Original cataloging agency | AR-BaBN |
| Language of cataloging | spa |
| Transcribing agency | AR-RoUNCS |
| 245 00 - TITLE STATEMENT | |
| Title | Avanza construcción de ciudadanía 1 / |
| Statement of responsibility, etc. | Camogli, Pablo ... [et al.]. |
| 250 ## - EDITION STATEMENT | |
| Edition statement | 1a ed. |
| 260 ## - PUBLICATION, DISTRIBUTION, ETC. | |
| Place of publication, distribution, etc. | Ciudad Autónoma de Buenos Aires : |
| Name of publisher, distributor, etc. | Kapelusz, |
| Date of publication, distribution, etc. | c2018. |
| 300 ## - PHYSICAL DESCRIPTION | |
| Extent | 160 p. : |
| Other physical details | il. col., diagrs. ; |
| Dimensions | 28 cm. |
| 505 ## - FORMATTED CONTENTS NOTE | |
| Formatted contents note | Eje 1: en relación con la reflexión teórica -- Cap. 1: Identidades -- Eje 2: en relación con el cuidado de uno mismo y de los otros -- Cap. 2: La construcción de vínculos y afectos -- Eje 3: en relación con los derechos -- Cap. 3: La sociedad y la necesidad de normas -- Cap. 4: Los Derechos Humanos y la Constitución Nacional -- Eje 4: en relación con la igualdad y la diversidad -- Cap. 5: La igualdad y la diversidad en los distintos grupos sociales -- Cap. 6: La igualdad y la diversidad en la sociedad y la cultura -- Eje 5: en relación con la ciudadanía y la participación -- Cap. 7: Estado, democracia y ciudadanía -- Cap. 8: La participación ciudadana.- |
| 650 #7 - SUBJECT ADDED ENTRY--TOPICAL TERM | |
| Topical term or geographic name entry element | Educación cívica |
| Source of heading or term | embne |
| 655 #7 - INDEX TERM--GENRE/FORM | |
| Genre/form data or focus term | Libros de texto |
| Source of term | embne |
| 700 1# - ADDED ENTRY--PERSONAL NAME | |
| Personal name | Camogli, Pablo |
| 700 1# - ADDED ENTRY--PERSONAL NAME | |
| Personal name | Canelo, Silvina |
| 700 1# - ADDED ENTRY--PERSONAL NAME | |
| Personal name | Casola, Natalia |
| 700 1# - ADDED ENTRY--PERSONAL NAME | |
| Personal name | Melcer, Damián |
| 700 1# - ADDED ENTRY--PERSONAL NAME | |
| Personal name | Villalobos, Alfonso de |
| 700 1# - ADDED ENTRY--PERSONAL NAME | |
| Personal name | Villegas, Matías |
| 751 ## - ADDED ENTRY-GEOGRAPHIC NAME | |
| Geographic name | Buenos Aires |
| Relator term | lugar de publicación |
| Relationship | pup |
| 942 ## - ADDED ENTRY ELEMENTS (KOHA) | |
| Source of classification or shelving scheme | Universal Decimal Classification |
| Koha item type | Obra General |
| Suppress in OPAC | No |
| Withdrawn status | Lost status | Source of classification or shelving scheme | Damaged status | Not for loan | Collection | Home library | Current library | Date acquired | Total checkouts | Full call number | Barcode | Date last seen | Price effective from | Koha item type |
|---|---|---|---|---|---|---|---|---|---|---|---|---|---|---|
| Universal Decimal Classification | Colección General | Biblioteca Escuela de Ciencias Sociales | Biblioteca Escuela de Ciencias Sociales | 05/06/2026 | 32(07) Av946 | 001528 | 05/06/2026 | 05/06/2026 | Obra General |